Municipalities of Abruzzo (with a map) - Statistics

General Stats
  • This quiz has been taken 572 times
  • The average score is 161 of 305
Answers on the Map
Answers color-coded by a green-red scale on the quiz's map according to % correct below.
 
Answer Stats
Comune % Correct
Pescara
98%
L'Aquila
97%
Chieti
96%
Teramo
96%
Vasto
90%
Montesilvano
89%
Ortona
87%
Giulianova
86%
Penne
84%
Francavilla al Mare
83%
Lanciano
83%
Roseto degli Abruzzi
83%
Pineto
82%
San Salvo
82%
Silvi
82%
Alba Adriatica
81%
Avezzano
81%
Città Sant'Angelo
81%
Martinsicuro
81%
Popoli
80%
Sulmona
80%
Atri
78%
Fossa
78%
Roccaraso
78%
Bussi sul Tirino
76%
Farindola
76%
Guardiagrele
76%
San Vito Chietino
76%
Anversa degli Abruzzi
75%
Collecorvino
75%
Loreto Aprutino
75%
Manoppello
75%
Atessa
74%
Casalbordino
74%
Casoli
74%
Celano
74%
Fossacesia
74%
Moscufo
74%
Palena
74%
San Giovanni Teatino
74%
Spoltore
74%
Tagliacozzo
74%
Bomba
73%
Bucchianico
73%
Cappelle sul Tavo
73%
Caramanico Terme
73%
Castel di Sangro
73%
Cocullo
73%
Lettomanoppello
73%
Scanno
73%
Tollo
73%
Tortoreto
73%
Elice
72%
Montebello di Bertona
72%
Pianella
72%
Rocca di Mezzo
72%
Archi
71%
Ari
71%
Celenza sul Trigno
71%
Cupello
71%
Lettopalena
71%
Ovindoli
71%
Pescasseroli
71%
Pratola Peligna
71%
Rocca di Cambio
71%
Rosciano
71%
Tocco da Casauria
71%
Villalago
71%
Abbateggio
70%
Alanno
70%
Palmoli
70%
Picciano
70%
Sante Marie
70%
Torino di Sangro
70%
Torre de' Passeri
70%
Villa Santa Maria
70%
Bolognano
69%
Cepagatti
69%
Corropoli
69%
Dogliola
69%
Fara San Martino
69%
Pacentro
69%
Scafa
69%
Aielli
68%
Civitaquana
68%
Civitella del Tronto
68%
Crecchio
68%
Gissi
68%
Luco dei Marsi
68%
Notaresco
68%
Rivisondoli
68%
Turrivalignani
68%
Barrea
67%
Bisenti
67%
Brittoli
67%
Carsoli
67%
Casalincontrada
67%
Fresagrandinaria
67%
Lecce nei Marsi
67%
Oricola
67%
Roccamorice
67%
Villetta Barrea
67%
Castiglione Messer Marino
66%
Crognaleto
66%
Furci
66%
Monteodorisio
66%
Pollutri
66%
Scerni
66%
Torricella Peligna
66%
Tufillo
66%
Barisciano
65%
Castelguidone
65%
Castilenti
65%
Fara Filiorum Petri
65%
Gessopalena
65%
Lama dei Peligni
65%
Pizzoli
65%
Sant'Eufemia a Maiella
65%
Villa Sant'Angelo
65%
Borrello
64%
Miglianico
64%
Mosciano Sant'Angelo
64%
San Giovanni Lipioni
64%
Balsorano
63%
Catignano
63%
Orsogna
63%
Pescocostanzo
63%
Cugnoli
62%
Pescina
62%
Barete
61%
Isola del Gran Sasso d'Italia
61%
Lentella
61%
Liscia
61%
Ocre
61%
Alfedena
60%
Canosa Sannita
60%
Castiglione Messer Raimondo
60%
Civitella Messer Raimondo
60%
Introdacqua
60%
Raiano
60%
San Benedetto dei Marsi
60%
Taranta Peligna
60%
Torrebruna
60%
Altino
59%
Arielli
59%
Carunchio
59%
Cerchio
59%
Nocciano
59%
Pescosansonesco
59%
Pettorano sul Gizio
59%
Pretoro
59%
Ripa Teatina
59%
San Demetrio ne' Vestini
59%
Santo Stefano di Sessanio
59%
Ateleta
58%
Cellino Attanasio
58%
Poggiofiorito
58%
Rapino
58%
Rocca San Giovanni
58%
Roccascalegna
58%
San Valentino in Abruzzo Citeriore
58%
Villa Celiera
58%
Serramonacesca
57%
Frisa
56%
Magliano de' Marsi
56%
Scurcola Marsicana
56%
Capistrello
55%
Casacanditella
55%
Corvara
55%
Ortucchio
55%
Paglieta
55%
Vacri
55%
Ortona dei Marsi
54%
San Buono
54%
Tornimparte
54%
Lucoli
53%
Morro d'Oro
53%
Villamagna
53%
Campotosto
52%
Carpineto della Nora
52%
Navelli
52%
Nereto
52%
Schiavi di Abruzzo
52%
Torrevecchia Teatina
52%
Vicoli
52%
Arsita
51%
Pennadomo
51%
Castiglione a Casauria
50%
Gamberale
50%
Montenerodomo
50%
Pietranico
50%
Salle
50%
San Pio delle Camere
50%
Vittorito
50%
Capestrano
49%
Casalanguida
49%
Fallo
48%
Filetto
48%
Pennapiedimonte
48%
Pereto
48%
Tornareccio
45%
Campli
44%
Civitella Alfedena
44%
Opi
44%
Trasacco
44%
Carpineto Sinello
43%
Civitella Casanova
43%
Fraine
42%
Perano
42%
Torricella Sicura
42%
Castel del Monte
41%
Poggio Picenze
41%
Rocca Pia
41%
Treglio
41%
Giuliano Teatino
40%
Quadri
40%
Roccamontepiano
39%
Bellante
38%
Roio del Sangro
38%
Rosello
38%
Sant'Eusanio del Sangro
38%
Ofena
37%
Rocca di Botte
37%
Colledimezzo
36%
Guilmi
36%
Mozzagrogna
36%
Villalfonsina
36%
Castel Frentano
35%
Castelli
35%
Colledimacine
35%
Gioia dei Marsi
35%
Montereale
35%
Castel di Ieri
34%
Civitaluparella
34%
Roccaspinalveti
34%
Pizzoferrato
33%
Villavallelonga
33%
Capitignano
32%
Montazzoli
32%
Monteferrante
31%
Montorio al Vomano
31%
Colledara
30%
Goriano Sicoli
30%
Acciano
29%
Sant'Egidio alla Vibrata
29%
Gagliano Aterno
28%
Massa d'Albe
28%
Molina Aterno
28%
Montebello sul Sangro
28%
Tione degli Abruzzi
28%
Ancarano
27%
Campo di Giove
27%
Collarmele
27%
Scoppito
27%
Corfinio
26%
Montelapiano
26%
Prata d'Ansidonia
26%
Roccacasale
26%
San Martino sulla Marrucina
26%
Secinaro
26%
Pietraferrazzana
25%
Prezza
25%
Santa Maria Imbaro
25%
Sant'Omero
25%
Controguerra
24%
Fontecchio
24%
Palombaro
24%
Fagnano Alto
23%
Morino
23%
Bugnara
22%
Cansano
22%
San Benedetto in Perillis
22%
Scontrone
22%
Valle Castellana
21%
Bisegna
20%
Basciano
19%
Cagnano Amiterno
19%
Castelvecchio Calvisio
19%
Castelvecchio Subequo
19%
Colonnella
19%
Pietracamela
19%
Tossicia
19%
Calascio
18%
Canistro
18%
Caporciano
18%
Carapelle Calvisio
18%
Cappadocia
16%
Fano Adriano
16%
Torano Nuovo
15%
Penna Sant'Andrea
14%
Sant'Eusanio Forconese
14%
Castel Castagna
13%
Cermignano
13%
Villa Santa Lucia degli Abruzzi
13%
Canzano
10%
Civita d'Antino
9%
Collelongo
9%
Castellalto
8%
Collepietro
8%
Civitella Roveto
7%
Montefino
7%
San Vincenzo Valle Roveto
7%
Rocca Santa Maria
6%
Cortino
5%
Castellafiume
4%
No matching quizzes found
Score Distribution
Percent of People with Each Score
Percentile by Number Answered
Your Score History
You have not taken this quiz